Consequences of deforestation for women's time allocation, agricultural production, and nutrition in hill areas of nepal (Record no. 11238)

000 -LEADER
fixed length control field 00368nam a22001217a 4500
040 ## - CATALOGING SOURCE
Transcribing agency 338
082 ## - DEWEY DECIMAL CLASSIFICATION NUMBER
Classification number 338 SHU 1989 C090
100 ## - MAIN ENTRY--AUTHOR NAME
Personal name SHUBH K. KUMAR
245 ## - TITLE STATEMENT
Title Consequences of deforestation for women's time allocation, agricultural production, and nutrition in hill areas of nepal
260 ## - PUBLICATION, DISTRIBUTION, ETC. (IMPRINT)
Place of publication Phnom Penh
Name of publisher SHU
Year of publication 1989
300 ## - PHYSICAL DESCRIPTION
Number of Pages 72p.
Other physical details ill.
Dimensions 29cm.
942 ## - ADDED ENTRY ELEMENTS (KOHA)
Koha item type សៀវភៅភាសាអង់គ្លេស

No items available.

មជ្ឈមណ្ឌលឯការនៃសាកលវិទ្យាល័យភូមិន្ទកសិកម្មចំការដូង

Powered by Koha